| 000 | 02273cam a2200445 ia4500 | ||
|---|---|---|---|
| 003 | SA-RiAUC | ||
| 005 | 20241015062824.0 | ||
| 008 | 241013s2011 su a f b f100 0 ara c | ||
| 020 | _a9786038002612 (مجموعة) | ||
| 020 | _a9786038002629 | ||
| 020 | _a9786038002636 | ||
| 020 | _a4185732 | ||
| 024 | 0 | _a33000000002583 | |
| 024 | 0 | _a33000000002584 | |
| 024 | 0 | _a33000000002952 | |
| 024 | 0 | _a33000000002953 | |
| 040 |
_aSA-RiNAUS _bara _cSA-RiAUC _erda |
||
| 043 | _aap----- | ||
| 082 | 0 | 4 |
_a327.6 _qSA-RiAUC |
| 090 |
_a327.6 _bم ؤ ت |
||
| 111 | 2 |
_aالمؤتمر العلمي الخليجي المغاربي _n(4 : _d2009 : _cالكويت) |
|
| 245 | 1 | 0 |
_aحركة الإنسان والأعمال بين دول الخليج والمغرب العربي : _bبحوث المؤتمر العلمي الخليجي المغاربي الرابع المنعقد في مدينة الكويت بدولة الكويت 2009 / _cبالتعاون بين دارة الملك عبد العزيز ومركز دراسات الخليج والجزيرة العربية ومركز الدراسات الاستراتيجية والمستقبلية بجامعة الكويت. |
| 250 | _aالطبعة الأولى. | ||
| 264 | 1 |
_aالرياض : _bدارة الملك عبد العزيز، _c[2011] |
|
| 300 |
_a2 مجلد : _bجداول، صور ؛ _c24 × 17 سم. |
||
| 336 |
_aنص _btxt _2rdacontent _3كتاب |
||
| 337 |
_aبدون وسيط _bn _2rdamedia |
||
| 338 |
_aمجلد _bnc _2rdacarrier |
||
| 490 | 0 |
_aإصدارات دارة الملك عبد العزيز ؛ _v268 |
|
| 500 | _aس ع د أ /9. | ||
| 504 | _aببليوجرافية : صفحة 473-477. | ||
| 650 | 7 |
_aالمطبوعات الحكومية _2aucsh |
|
| 651 | 7 |
_aدول الخليج العربية _xعلاقات خارجية _zالمغرب العربي _vمؤتمرات _2aucsh |
|
| 651 | 7 |
_aالسعودية _xمطبوعات حكومية _2aucsh |
|
| 710 | 2 |
_aدارة الملك عبد العزيز _eمنظم. |
|
| 710 | 2 |
_aمركز دراسات الخليج والجزيرة العربية _eمنظم. |
|
| 710 | 2 |
_aمركز الدراسات الاستراتيجية والمستقبلية (الكويت) _eمنظم. |
|
| 942 |
_2ddc _cBOOK _n0 |
||
| 949 |
_aSA-JeALM _d241013 _umohamedma123 _n1 |
||
| 999 |
_c1318 _d1318 |
||